Visualizzazione normale
Vista MARC
- Hugues de Saint-Cher,
di Personal Name
Records bibliografici associati: 2
001 - CONTROL NUMBER
- control field: 27070
003 - CONTROL NUMBER IDENTIFIER
- control field: IT-RoINE
005 - DATE AND TIME OF LATEST TRANSACTION
- control field: 20171110043115.0
008 - FIXED-LENGTH DATA ELEMENTS
- fixed length control field: 161020|| aca||aabn | a|a d
040 ## - CATALOGING SOURCE
- Original cataloging agency: IT-RoINE
- Transcribing agency: IT-RoINE
100 0# - HEADING--PERSONAL NAME
- Personal name: Hugues de Saint-Cher,
- Titles and other words associated with a name: Cardenal,
- Dates associated with a name: ca. 1200-1263
670 ## - SOURCE DATA FOUND
- Source citation: Work cat.: (IT-RoINE)0: Saccenti, Riccardo, 1981- 27068, Conservare la retta volontà :, 2013.